000 02411cam a22004454i 4500
003 PE-LiUPU
005 20250731173123.0
008 150623s r 000 0 d
035 _a(Sirsi) a25771
040 _aPE-LiUPU
_bspa
_cPE-LiUPU
_erda
082 0 4 _a270.1
_bW42
_221
100 1 _aWeiss, Johonnes,
_d1863-1914,
_eautor.
245 1 0 _aEarliest Christianity :
_ba history of the period A.D. 30-150.
_n1 /
_cJohannes Weiss.
250 _b
264 1 _aNew York, New York :
_bHarper & Brothers, Publishers,
_c1959.
300 _a395 páginas ;
_c20 cm.
336 _atext
_2rdacontent
337 _aunmediated
_2rdamedia
338 _avolume
_2rdacarrier
500 _aExiste volumen 2.
504 _aIncluye bibliografía.
505 0 _aThe primitive community: The task and the materials. The rise of the new faith. The primitive community. The new doctrine. Expansion and opposition. The gentile mission and Paul the missionary: The problem and the sources. The hellenistic movement. The first stages of Paul's career. The first period of Paul's missionary activity. Leadin ideas for Paul's missionary preaching. The struggle for the freedom of the gentile christians. The second period of Paul's missionary activity. Paul the christian and theologian: The writer. The theological thinker. The Christ - faith. The new relationship to God. The new creation. The Hope. The pauline ethic. The world - view of Paul. The church. The missionary congregations and the beginnings of the church: The expansion of christianity during its first hundred years (A.D. 30-130). The separate areas: Judaea. Syria. Asia Minor. Macedonia and Achaia. Rome.
526 _aSEG42
526 _aSEG41
526 _aSEG40
526 _aSEG39
526 _aP94
526 _aP87
526 _aP86
526 _aP85
526 _aP77
526 _aP76
526 _aP35
650 0 4 _aIglesia - Historia
_xHistoria de la Iglesia C.
_y30 - 150 d.C. - Período apostólico.
942 _2ddc
_cBOOK
949 _a270.1 W42 1
_wDEWEY
_c1
_i51040
_lCCODEBUL1
_mBUL
_p10.00
_r0
_sY
_tBOOK
_u2015-06-24
_xTEOLOGIA
_PP35
_0COMPRA
_o.STAFF. Colección General
596 _a1
999 _a270.1 W42 1
_wDEWEY
_c32729
_i51040
_f2021-11-11
_g5
_lCCODEBUL1
_mBUL
_p10.00
_r0
_sY
_tBOOK
_u2015-6-24
_xTEOLOGIA
_PP35
_0COMPRA
_o.STAFF. Colección General
_d32729
980 _81
_gALBERTO SANCHEZ Responsable de Automatización